Statistics for Neighborhoods of Manhattan to Map

Click here to take the quiz!

General Stats

  • This quiz has been taken 218 times
  • The average score is 19 of 40

Answers on the Map

Answers color-coded by a green-red scale on the quiz's map according to % correct below.
 

Answer Stats

Answer% Correct
Upper East Side
90%
Upper West Side
90%
Harlem
87%
East Harlem
76%
Roosevelt Island
73%
Midtown
69%
Financial District
63%
Hell's Kitchen
60%
Washington Heights
60%
Theater District/Times Square
58%
Chelsea
53%
Battery, The
51%
Inwood
51%
Lower East Side
51%
Battery Park City
49%
Marble Hill
49%
Morningside Heights
49%
Greenwich Village
47%
Chinatown
45%
West Village
45%
Tribeca
41%
Alphabet City
40%
East Village
40%
Meatpacking District
40%
SoHo
37%
Sutton Place
37%
Two Bridges
37%
Murray Hill
35%
Kips Bay
34%
Little Italy
34%
Diamond District
33%
Korea Town
33%
NoHo
33%
Stuyvesant Town
33%
Civic Center
31%
Flatiron District
30%
Garment District
29%
Nolita
29%
Hudson Square
28%
Gramercy
23%

Score Distribution

Percentile by Number Answered

Percent of People with Each Score

Your Score History

You have not taken this quiz